[Event "GER-ch47 V7 email"]
[Site "GER email"]
[Date "2008.07.07"]
[Round "?"]
[White "Nadenau, Oskar"]
[Black "Limley, Gerhard"]
[Result "1/2-1/2"]
[WhiteElo "1922"]
[BlackElo "1640"]
[PlyCount "63"]
[EventDate "2008.??.??"]
[EventType "tourn (corr)"]
[EventRounds "10"]
[EventCountry "GER"]
[SourceTitle "Corr 2011"]
[Source "ChessBase"]
[SourceDate "2010.08.31"]
[SourceVersion "1"]
[SourceVersionDate "2010.08.31"]
[SourceQuality "1"]

1. d4 Nf6 2. c4 e6 3. Nc3 Bb4 4. Qc2 0-0 5. a3 Bxc3+ 6. Qxc3 b5 7. cxb5 c6 8. Bg5 cxb5 9. e3 Bb7 10. Nf3 a6 11. Bd3 h6 12. Bh4 Nc6 13. Rc1 Rc8 14. 0-0 Ne5 15. Qd2 Nxf3+ 16. gxf3 Rxc1 17. Rxc1 g5 18. Bg3 Bxf3 19. Qc2 d6 20. a4 Qb6 21. Qc7 Qxc7 22. Rxc7 Rd8 23. axb5 axb5 24. Bxb5 Rb8 25. Bd3 Rb3 26. Rc3 Rxb2 27. Bxd6 Ne4 28. Bxe4 Bxe4 29. Rc1 Kg7 30. Rf1 g4 31. Ra1 Kg6 32. Bg3 1/2-1/2

[Event "GER-ch47 V7 email"]
[Site "GER email"]
[Date "2008.07.07"]
[Round "?"]
[White "Nadenau, Oskar"]
[Black "Schueler, Wolfgang"]
[Result "1/2-1/2"]
[WhiteElo "1922"]
[BlackElo "2155"]
[PlyCount "67"]
[EventDate "2008.??.??"]
[EventType "tourn (corr)"]
[EventRounds "10"]
[EventCountry "GER"]
[SourceTitle "Corr 2011"]
[Source "ChessBase"]
[SourceDate "2010.08.31"]
[SourceVersion "1"]
[SourceVersionDate "2010.08.31"]
[SourceQuality "1"]

1. d4 d5 2. c4 c6 3. Nc3 Nf6 4. e3 a6 5. Qc2 b5 6. b3 Bg4 7. Nge2 Nbd7 8. h3 Bh5 9. Nf4 Bg6 10. Nxg6 hxg6 11. Be2 e6 12. 0-0 Bd6 13. a3 0-0 14. Bb2 Qb8 15. c5 Bh2+ 16. Kh1 Bc7 17. b4 a5 18. f4 Nh5 19. Kh2 f5 20. g4 Nhf6 21. Kg2 Qd8 22. g5 Nh5 23. h4 axb4 24. axb4 Qe7 25. Rxa8 Rxa8 26. Ra1 Rxa1 27. Bxa1 Nf8 28. Qa2 Bb8 29. Bf3 Qc7 30. Ne2 Qb7 31. Bc3 Kf7 32. Nc1 Kg8 33. Nb3 Bc7 34. Bd2 1/2-1/2

[Event "GER-ch46 V5 email"]
[Site "GER email"]
[Date "2008.04.14"]
[Round "?"]
[White "Hempel, Reinhard"]
[Black "Nadenau, Oskar"]
[Result "1/2-1/2"]
[WhiteElo "1922"]
[BlackElo "1922"]
[PlyCount "82"]
[EventDate "2008.??.??"]
[EventType "tourn (corr)"]
[EventRounds "10"]
[EventCountry "GER"]
[SourceTitle "Corr 2011"]
[Source "ChessBase"]
[SourceDate "2010.08.31"]
[SourceVersion "1"]
[SourceVersionDate "2010.08.31"]
[SourceQuality "1"]

1. e4 c5 2. Nf3 d6 3. d4 cxd4 4. Nxd4 Nf6 5. Nc3 a6 6. Be3 e5 7. Nb3 Be6 8. Qd2 Nbd7 9. f3 Be7 10. g4 h6 11. 0-0-0 b5 12. Kb1 Qc7 13. h4 Nb6 14. Bxb6 Qxb6 15. Bh3 b4 16. Ne2 a5 17. g5 Nd7 18. Bxe6 fxe6 19. gxh6 Rxh6 20. Rdg1 Kf7 21. h5 a4 22. Nbc1 a3 23. b3 Nc5 24. Rg4 Bf6 25. Ng3 Rb8 26. Nce2 Qc6 27. Rd1 Rb6 28. Qe3 Na6 29. Rd3 Qc5 30. Qc1 Nb8 31. c4 Ke7 32. Rd1 Nc6 33. Qd2 Rb8 34. Nc1 Qd4 35. Nd3 Kf7 36. Qe2 Qb6 37. Rf1 Ke8 38. Qd2 Rd8 39. Rh1 Ke7 40. Qe2 Nd4 41. Qf2 Qa5 1/2-1/2

[Event "GER-ch46 V5 email"]
[Site "GER email"]
[Date "2008.04.14"]
[Round "?"]
[White "Nadenau, Oskar"]
[Black "Gierth, Karlheinz"]
[Result "1/2-1/2"]
[WhiteElo "1922"]
[BlackElo "1987"]
[PlyCount "71"]
[EventDate "2008.??.??"]
[EventType "tourn (corr)"]
[EventRounds "10"]
[EventCountry "GER"]
[SourceTitle "Corr 2011"]
[Source "ChessBase"]
[SourceDate "2010.08.31"]
[SourceVersion "1"]
[SourceVersionDate "2010.08.31"]
[SourceQuality "1"]

1. e4 c6 2. d4 d5 3. e5 Bf5 4. c3 e6 5. Be3 Nd7 6. Nd2 Ne7 7. f4 f6 8. Be2 Bg6 9. Bf2 Nf5 10. Ngf3 fxe5 11. Nxe5 Nxe5 12. dxe5 Be7 13. Nf3 0-0 14. 0-0 c5 15. Qd2 b6 16. a4 a5 17. g3 Qc7 18. g4 Nh6 19. h3 Be4 20. Bg3 Rad8 21. Bb5 Kh8 22. Qe3 Kg8 23. c4 Bxf3 24. Rxf3 d4 25. Qe4 g6 26. Rd1 Rc8 27. Rdf1 Kh8 28. Rd3 Nf7 29. Ba6 Rb8 30. Kg2 Qa7 31. Bb5 Rbc8 32. Kh2 Nh6 33. Qg2 Qc7 34. Kg1 Nf7 35. Qe4 Rg8 36. Ba6 1/2-1/2

[Event "GER-ch45 V8 email"]
[Site "GER email"]
[Date "2008.03.03"]
[Round "?"]
[White "Delport, Wolfgang"]
[Black "Nadenau, Oskar"]
[Result "1-0"]
[WhiteElo "2082"]
[BlackElo "1922"]
[PlyCount "62"]
[EventDate "2008.??.??"]
[EventType "tourn (corr)"]
[EventRounds "10"]
[EventCountry "GER"]
[SourceTitle "Corr 2011"]
[Source "ChessBase"]
[SourceDate "2010.08.31"]
[SourceVersion "1"]
[SourceVersionDate "2010.08.31"]
[SourceQuality "1"]

1. e4 c5 2. Nf3 g6 3. d4 cxd4 4. Nxd4 Bg7 5. c4 Nc6 6. Be3 Nh6 7. h3 d6 8. Qd2 Nxd4 9. Bxd4 Bxd4 10. Qxd4 Qa5+ 11. Nc3 0-0 12. Be2 Be6 13. 0-0 Rfc8 14. b3 Qc5 15. Qd2 Kg7 16. Kh1 Ng8 17. f4 f6 18. Rf3 Bf7 19. Na4 Qc7 20. Rg3 Nh6 21. Rd1 Be8 22. Nc3 Bc6 23. Kh2 Rh8 24. Rf1 f5 25. Qb2 Kf7 26. Nd5 Qd8 27. e5 e6 28. Rd1 dxe5 29. fxe5 Qb8 30. Nf4 Rd8 31. Rgd3 Rxd3 1-0

[Event "GER-ch45 V8 email"]
[Site "GER email"]
[Date "2008.03.03"]
[Round "?"]
[White "Nadenau, Oskar"]
[Black "Hahn, Werner"]
[Result "1/2-1/2"]
[WhiteElo "1922"]
[BlackElo "2063"]
[PlyCount "48"]
[EventDate "2008.??.??"]
[EventType "tourn (corr)"]
[EventRounds "10"]
[EventCountry "GER"]
[SourceTitle "Corr 2011"]
[Source "ChessBase"]
[SourceDate "2010.08.31"]
[SourceVersion "1"]
[SourceVersionDate "2010.08.31"]
[SourceQuality "1"]

1. e4 e5 2. Nf3 Nf6 3. d4 Nxe4 4. Bd3 d5 5. Nxe5 Nd7 6. Nxd7 Bxd7 7. 0-0 Qh4 8. c4 0-0-0 9. c5 g5 10. Nc3 Bg7 11. g3 Qh3 12. Nxe4 dxe4 13. Bxe4 Bb5 14. Bg2 Qf5 15. Be3 Bxf1 16. Bxf1 c6 17. Qa4 Kb8 18. Rd1 Rd7 19. Rd3 Rhd8 20. Ra3 a6 21. Rb3 Bxd4 22. Bxd4 Qe4 23. Bxa6 Rxd4 24. Rxb7+ Ka8 1/2-1/2

[Event "GER-ch45 V8 email"]
[Site "GER email"]
[Date "2008.03.03"]
[Round "?"]
[White "Nadenau, Oskar"]
[Black "Loeffler, Werner"]
[Result "0-1"]
[WhiteElo "1922"]
[BlackElo "2021"]
[PlyCount "87"]
[EventDate "2008.??.??"]
[EventType "tourn (corr)"]
[EventRounds "10"]
[EventCountry "GER"]
[SourceTitle "Corr 2011"]
[Source "ChessBase"]
[SourceDate "2010.08.31"]
[SourceVersion "1"]
[SourceVersionDate "2010.08.31"]
[SourceQuality "1"]

1. e4 e5 2. Bc4 Bc5 3. d3 Nf6 4. Nf3 d6 5. 0-0 0-0 6. c3 Nc6 7. Bb3 a6 8. Nbd2 Ba7 9. h3 h6 10. Nc4 Be6 11. Re1 Qd7 12. Ne3 Rfe8 13. Bxe6 fxe6 14. Ng4 Rf8 15. Nxf6+ Rxf6 16. Be3 Bxe3 17. Rxe3 Raf8 18. Qb3 Na5 19. Qa3 Nc6 20. Rae1 Rg6 21. d4 exd4 22. cxd4 e5 23. Qb3+ Kh7 24. Rd1 Rxf3 25. Rxf3 Nxd4 26. Rf7 Qc8 27. Qd3 b5 28. Rc1 c5 29. Kf1 Qa8 30. Rd7 c4 31. Qe3 Qc6 32. Re7 b4 33. g3 Rf6 34. f4 Kg8 35. Kg1 Kf8 36. Ra7 Nb5 37. fxe5 dxe5 38. Rd1 Nxa7 39. Qxa7 Kg8 40. Qb8+ Kh7 41. Qxe5 c3 42. Qd4 cxb2 43. Qxb2 Rf3 44. Kh2 0-1

[Event "GER-ch51 V7 email"]
[Site "GER email"]
[Date "2008.01.19"]
[Round "?"]
[White "Opitz, Peter"]
[Black "Nadenau, Oskar"]
[Result "1/2-1/2"]
[WhiteElo "2062"]
[BlackElo "1927"]
[PlyCount "72"]
[EventDate "2009.??.??"]
[EventType "tourn (corr)"]
[EventRounds "6"]
[EventCountry "GER"]
[SourceTitle "Corr 2011"]
[Source "ChessBase"]
[SourceDate "2010.08.31"]
[SourceVersion "1"]
[SourceVersionDate "2010.08.31"]
[SourceQuality "1"]

1. e4 c6 2. d4 d5 3. e5 Bf5 4. Nf3 e6 5. Be2 Ne7 6. Nbd2 h6 7. 0-0 Nd7 8. a3 g5 9. b4 Bg7 10. c4 0-0 11. Ne1 b6 12. Bb2 c5 13. cxd5 Nxd5 14. Nc4 cxd4 15. Bxd4 Nf4 16. g3 Ng6 17. f4 gxf4 18. gxf4 f6 19. exf6 Nxf6 20. Ne3 Nd5 21. Nxf5 Rxf5 22. Bg4 Bxd4+ 23. Qxd4 Ngxf4 24. Kh1 Qf6 25. Rd1 Qxd4 26. Rxd4 Re5 27. Nd3 Nxd3 28. Rxd3 Re8 29. Rg3 Rg5 30. h4 Rg7 31. Kh2 Kh7 32. Rfg1 Kh8 33. Rd1 Rxg4 34. Rxg4 Ne3 35. Rdd4 Nxg4+ 36. Rxg4 Kh7 1/2-1/2

[Event "GER-ch44 V7 email"]
[Site "GER email"]
[Date "2008.01.14"]
[Round "?"]
[White "Nadenau, Oskar"]
[Black "Heinke, Richard"]
[Result "0-1"]
[WhiteElo "1922"]
[BlackElo "2163"]
[PlyCount "86"]
[EventDate "2008.??.??"]
[EventType "tourn (corr)"]
[EventRounds "10"]
[EventCountry "GER"]
[SourceTitle "Corr 2011"]
[Source "ChessBase"]
[SourceDate "2010.08.31"]
[SourceVersion "1"]
[SourceVersionDate "2010.08.31"]
[SourceQuality "1"]

1. e4 c5 2. Nf3 Nc6 3. d4 cxd4 4. Nxd4 e5 5. Nb5 d6 6. N1c3 a6 7. Na3 b5 8. Nd5 Nf6 9. c4 b4 10. Nxf6+ Qxf6 11. Nc2 Qg6 12. Ne3 Be7 13. g3 Nd4 14. Bg2 h5 15. 0-0 Bg4 16. f3 Bd7 17. Nd5 h4 18. g4 h3 19. Bh1 Rc8 20. b3 Bg5 21. Nxb4 f5 22. exf5 Bxf5 23. Bxg5 Qxg5 24. Rf2 Rh4 25. Qd2 Qg6 26. Rff1 Rc7 27. Kf2 Bc8 28. Rac1 Rf7 29. Ke1 Bb7 30. Qe3 a5 31. Nd3 Qh6 32. Qxh6 Rxh6 33. c5 Ba6 34. Kd2 dxc5 35. f4 Rd6 36. fxe5 Nxb3+ 37. axb3 Rxd3+ 38. Kc2 Re3 39. Bc6+ Ke7 40. Rxf7+ Kxf7 41. Ra1 Re2+ 42. Kc3 Rxe5 43. Rxa5 Bc8 0-1